00944 a2200193 45000010006000000050017000060080041000230030015000640400040000790800091001192450106002100200022003162640042003383000019003805050225003990410008006241000023006328560095006554471920260407155723.0260407a2017 arg spa dAR-UNSa-BCEJYS aAR-UNSa-BCEJYSbspacAR-UNSa-BCEJYS a338.124xRetroceso de la actividad económica. Contracción económica (Pobreza...)10aDe tragedias y de farsasplos nexos entre la población, el crecimiento económico y la desigualdad a978-987-574-849-1 1aBuenos Aires :bPrometeo Librosc2017 a114 p.c23 cm. a1. Cuántos fuimos, cuántos somos, Cuántos seremos - 2. Cuánto tuvimos, cuánto tenemos, cuánto tendremos - 3. ¿ Pobres hubo siempre? - 4. Más igualitos que otros - 5. Teoría y práctica de las soluciones aspa1 aPaz, Jorge Augusto41uhttps://biblioeco.unsa.edu.ar/pmb/images/libros/L126987.jpgyImagen de portadaqimage/jpeg